| 000 -LEADER |
| fixed length control field |
01226nam a22002897a 4500 |
| 001 - CONTROL NUMBER |
| control field |
19037 |
| 003 - CONTROL NUMBER IDENTIFIER |
| control field |
BD-DhUAP |
| 005 - DATE AND TIME OF LATEST TRANSACTION |
| control field |
20210128163946.0 |
| 008 - FIXED-LENGTH DATA ELEMENTS--GENERAL INFORMATION |
| fixed length control field |
190807t2018 enka|||| |||| 001 0 eng d |
| 020 ## - INTERNATIONAL STANDARD BOOK NUMBER |
| International Standard Book Number |
9788857212012 |
| 040 ## - CATALOGING SOURCE |
| Original cataloging agency |
BD-DhUAP |
| Language of cataloging |
Eng |
| Transcribing agency |
BD-DhUAP |
| Modifying agency |
BD-DhUAP |
| 082 ## - DEWEY DECIMAL CLASSIFICATION NUMBER |
| Classification number |
712.092 POZ |
| Edition number |
23 |
| 100 ## - MAIN ENTRY--PERSONAL NAME |
| Personal name |
Pozzi, Patrizia. |
| 245 ## - TITLE STATEMENT |
| Title |
Patrizia Pozzi contemporary landscape : |
| Remainder of title |
nuovi racconti e visioni : New tales and new visions / |
| Statement of responsibility, etc. |
Patrizia Pozzi ; edited by Luca Molinari and Viapiranesi. |
| 260 ## - PUBLICATION, DISTRIBUTION, ETC. |
| Place of publication, distribution, etc. |
New York : |
| Name of publisher, distributor, etc. |
Skira, |
| Date of publication, distribution, etc. |
c2011. |
| 300 ## - PHYSICAL DESCRIPTION |
| Extent |
319 Pages : |
| Other physical details |
illustrations ; |
| Dimensions |
21 cm. |
| 504 ## - BIBLIOGRAPHY, ETC. NOTE |
| Bibliography, etc. note |
Includes bibliographical references and index. |
| 520 ## - SUMMARY, ETC. |
| Summary, etc. |
20/20 Visions is an inspiring and visually stimulating introduction to the practice of participatory planning, featuring a set of 20 international case studies that illustrate the effectiveness of engaging communities and stakeholders in the participativedesign process |
| 526 ## - STUDY PROGRAM INFORMATION NOTE |
| Program name |
ARC |
| 650 ## - SUBJECT ADDED ENTRY--TOPICAL TERM |
| Topical term or geographic name entry element |
Landscape architecture |
| 650 ## - SUBJECT ADDED ENTRY--TOPICAL TERM |
| Topical term or geographic name entry element |
Landscape architecture |
| Geographic subdivision |
Italy. |
| 700 ## - ADDED ENTRY--PERSONAL NAME |
| Personal name |
Molinari, Luca |
| 700 ## - ADDED ENTRY--PERSONAL NAME |
| Personal name |
Viapiranesi |
| 942 ## - ADDED ENTRY ELEMENTS (KOHA) |
| Source of classification or shelving scheme |
|
| Koha item type |
Book |